La etiqueta y el protocolo en los negocios (Registro nro. 7917)
[ vista simple ]
| 000 -CABECERA | |
|---|---|
| campo de control de longitud fija | 00794nam a22002897a 4500 |
| 005 - FECHA Y HORA DE ACTUALIZACIÓN | |
| campo de control | 20220125120712.0 |
| 008 - LONGITUD FIJA | |
| campo de control de longitud fija | 160407b xxu||||| |||| 00| 0 spa d |
| 020 ## - INTERNATIONAL STANDARD BOOK NUMBER | |
| Número Internacional Estándar del Libro | 9789968474436 |
| 041 ## - IDIOMA | |
| Código de idioma del texto/pista de sonido o título separado | |
| 082 ## - CLASIFICACIÓN DECIMAL DEWEY | |
| Número de clasificación | 395 S425e |
| 100 ## - AUTOR PERSONAL | |
| Nombre de persona | Scott Araya, Jenny |
| 245 ## - TÍTULO PROPIAMENTE DICHO | |
| Título | La etiqueta y el protocolo en los negocios |
| 260 ## - PIE DE IMPRENTA | |
| Lugar de publicación, distribución, etc. | Costa Rica |
| Nombre del editor, distribuidor, etc. | J.M.Scott |
| Fecha de publicación, distribución, etc. | 2011 |
| 300 ## - DESCRIPCIÓN FÍSICA | |
| Extensión | 176 páginas |
| 650 ## - Materia General | |
| Materia general | COSTA RICA |
| 650 ## - Materia General | |
| Materia general | ETIQUETA |
| 650 ## - Materia General | |
| Materia general | SERVICIO DE MESA |
| 650 ## - Materia General | |
| Materia general | ALMUERZO DE NEGOCIOS |
| 650 ## - Materia General | |
| Materia general | ANFITRIÓN |
| 650 ## - Materia General | |
| Materia general | CENTRO DE MESA |
| 650 ## - Materia General | |
| Materia general | MODALES |
| 650 ## - Materia General | |
| Materia general | SECRETARIA |
| 650 ## - Materia General | |
| Materia general | SIMBOLOS PATRIOS |
| 650 ## - Materia General | |
| Materia general | BANDERAS |
| 650 ## - Materia General | |
| Materia general | INVITACIONES |
| 942 ## - Punto de Acceso Adicional Koha | |
| Tipo de ítem Koha | Libro |
| Estado perdido | Estado dañado | No para préstamo | Biblioteca permanente | Biblioteca actual | Signatura completa | Código de barras | Precio efectivo a partir del | Tipo de ítem |
|---|---|---|---|---|---|---|---|---|
| Departamento de Biblioteca y Documentación Alfonso Chase Brenes | Departamento de Biblioteca y Documentación Alfonso Chase Brenes | 395 S425e | 21013 | 07/04/2016 | Libro |